000 00746nam a2200217 a 4500
003 BD-DhJNU
005 20260222064646.0
008 081028r20091914enk b 001 0 eng
020 _a9780415473774
040 _aBD-DhJNU
_bENG
_cBD-DhJNU
_dBD-DhJNU
082 0 0 _a121 RUO
_223
100 1 _aRussell, Bertrand
245 1 0 _aOur knowledge of the external world :
_bas a field for scientific method in philosophy /
_cBertrand Russell.
260 _aLondon ;
_aNew York :
_bRoutledge,
_c2009.
300 _axvii, 210 p. ;
_c20 cm.
500 _aOrignally published: Chicago : Open Court Pub. Co., 1914.
504 _aIncludes bibliographical references (p. [197]-203) and index.
650 0 _aKnowledge
650 0 _aLogical atomism.
942 _cBK
999 _c2643
_d2643